[Event "Moscow Aeroflot op-A"]
[Site "Moscow"]
[Date "2005.02.23"]
[Round "9"]
[White "Sadvakasov, Darmen"]
[Black "Galkin, Alexander"]
[Result "1/2-1/2"]
[WhiteElo "2635"]
[BlackElo "2593"]
[Annotator "Lukacs,P"]
[PlyCount "75"]
[EventDate "2005.02.15"]
[EventType "swiss"]
[EventRounds "9"]
[EventCountry "RUS"]
[SourceTitle "CBM 106"]
[Source "ChessBase"]
[SourceDate "2005.06.06"]
[SourceVersion "1"]
[SourceVersionDate "2005.06.06"]
[SourceQuality "1"]

1. e4 c6 2. d4 d5 3. Nd2 dxe4 4. Nxe4 Nd7 5. Ng5 Ngf6 6. Bd3 e6 7. N1f3 Bd6 8.
Qe2 h6 9. Ne4 Nxe4 10. Qxe4 Qc7 11. O-O b6 12. Qg4 Kf8 13. Re1 Bb7 14. Qh3 (14.
Bd2 Nf6 (14... c5 $6 {opens up the position too early.} 15. dxc5 Nxc5 16. Bc3 {
and the B is strong on the opened long /^.} f6 17. Nh4 $36 {Khalifman}) (14...
Re8 $6 15. Bc3 $142 $5 {preparing against c5.} (15. Qh3 c5 {After this freeing
move Black can calmly look to the future, Zelcic-Speelman, Mallorca 2004 CBM
104.}) 15... Nf6 16. Qh3 $36) 15. Qh4 {is the main line.} (15. Qh3 $143 {
The Q is not particularly well-placed here.} Rd8 (15... c5 $5 {Here looks
better than in case of 15.Qh4.} 16. Bc3 (16. Bg5 c4 $13) (16. dxc5 bxc5 17. Bc3
c4 18. Bf1 $5 (18. Bxf6 cxd3 19. Bc3 dxc2 20. Rac1 Bd5 21. Rxc2 Qb7 22. Be5
Bxe5 23. Nxe5 Kg8 24. Rec1 Kh7 $13 {and the K has reached safety,
Pein-Sasikiran, BCF-ch 1997.}) 18... Ne4 19. Bd4 e5 20. Be3) 16... c4 {
creating a stronghold on d5 which can be used by various pieces.} 17. Bf1 b5
18. Ne5 Kg8 $13) 16. Ne5 (16. Bg5 c5 17. dxc5 Qxc5 18. Bxf6 gxf6 $13 {ruins
Black's P structure, but gives up the important ^^.}) 16... c5 {-
Motylev-Galkin, Sochi 2004 CBM 101}) 15... c5 16. Ne5 {Here we see the
difference to the text, the d4 P is proteceted.} cxd4 (16... Rd8 17. Rad1 a5 (
17... cxd4 18. Qxd4 Bxe5 19. Qxe5 Qxe5 20. Rxe5 $14 {^^}) 18. Bc3 Bxe5 19. dxe5
{The change of the P structure is clearly favouring White.} Nd5 20. Bd2 Qe7 21.
Qh3 {White certainly has to avoid the exchange of queens because of the bad K
on f8.} Nb4 22. Bxb4 axb4 23. Bf1 $14 {Yandemirov-Vyzmanavin, RUS-Cup9
Novgorod 1997}) 17. Qxd4 Rd8 18. Bb4 Bxb4 (18... Ke7 19. Rad1 Bxb4 20. Qxb4+
Qc5 {- Yandemirov-Kharitonov, RUS-Cup2 Moscow 1996 CBM 56 ext}) 19. Qxb4+ Kg8 (
19... Qd6 20. Qa4 a5 21. Rad1 $16) 20. Qf4 Nd5 21. Qg4 Qe7 22. a3 h5 23. Qa4 a6
24. Rad1 b5 25. Qa5 $14 {and the black K still poses some problems,
Shankar-Sasikiran, Goodricke 10th op 1999.}) (14. h4 c5 15. c3 {- 14.c3}) (14.
c3 c5 15. h4 (15. Bd2 Rd8 16. h4 {- 15.h4}) (15. Be3 c4 {securing the
stronghold on d5.} 16. Bc2 Nf6 17. Qh3 Rd8 (17... Ke7 $2 {looks a bit
premature.} 18. Ne5 $5 {White has to open up the position against the K in the
middle.} g5 {This again looks rather risky.} (18... Bxe5 19. dxe5 Qxe5 20. Bxb6
Qb5 21. Bd4 Qxb2 22. Rab1 Qxc2 23. Rxb7+ Kf8 24. Bxf6 gxf6 25. Qh5 Rh7 26. Qc5+
Kg8 27. Qxc4 $14 {and the black pieces are somewhat disorganized.}) 19. f4 $1
Rag8 (19... gxf4 $6 {The opening of the position helps only for White.} 20.
Bxf4 Bd5 21. Re2 Rag8 22. Rf1 Qb7 23. Bg3 $18 {with lethal threats on the f
<->, Ryan-Arlandi, EU-ch Rapid Athens 1997.})) 18. Ne5 Kg8 19. Qh4 b5 $11) (15.
Qh3 {- 14.Qh3}) 15... c4 (15... Rd8 16. Bd2 (16. Qh3 Bf4 {The exchange of the
undeveloped white B doesn't look necessary.} 17. Be4 Bxc1 18. Raxc1 Bxe4 19.
Rxe4 Nf6 20. Ree1 g6 21. Ne5 h5 22. dxc5 Qxc5 23. Qf3 Kg7 24. Qb7 Rhf8 25. b4
Qd6 26. Qxa7 Ra8 27. Qb7 Rxa2 {(Marjanovic-Cioara, Bucharest 1999)} 28. Rcd1
$14) (16. h5 cxd4 17. cxd4 Nf6 18. Qh3 Qc6 {centralizing the Q, since d5
cannot be easily attacked by White.} (18... Bxf3 {gives up the strong B for a
P hunt against >< h5.} 19. Qxf3 Bh2+ 20. Kh1 Rd5 21. g3 Rxh5 22. Kg2 $1 $16 {
and the B is trapped.}) 19. Be3 Qd5 20. Ne5 Bxe5 21. dxe5 Qxd3 22. exf6 gxf6 {
Now Black can organize his counterplay on the g <-> against >< g2.} 23. Rac1
Qd7 24. f3 Ke7 25. Qh4 Rhg8 26. Kh1 Qd5 {/\ Rxg2!} 27. Re2 Qb5 28. Rc7+ Ke8 29.
Rf2 {(Lane-Conquest, BCF-ch Scarborough, 1999)} Rd1+ 30. Kh2 Qe5+ 31. Bf4 Qe1 (
31... Rd4 $15) 32. Kh3 Qb4 33. Bh2 Qxh4+ 34. Kxh4 Rd7 $15) 16... Nf6 (16...
cxd4 17. cxd4 Nf6 18. Qh3 Qd7 19. Rad1 Bxf3 20. Qxf3 Be7 21. Bf4 Qd5 22. Qe2
Qh5 23. Qxh5 Nxh5 24. Be5 Nf6 $11 {Nevednichy-Papaioannou, Elista ol (Men) 1998
}) (16... a6 17. Rad1 b5 18. dxc5 (18. Qh3 Nf6 19. Ne5 cxd4 20. cxd4 Bd5 {
Black has successfully blockaded >< d5.} 21. b3 Qb6 $15 {Markidis-Nikolaidis,
GRE-chT 2001}) 18... Nxc5 19. Bc2) 17. Qh3 Bxf3 18. Qxf3 cxd4 19. cxd4 Qd7 20.
a4 Be7 {/\ Qd5} 21. Bc3 a5 (21... Qd5 22. Qh3 Bd6 $11 {and again the Q is
well-posted blockading the isolated P, which is a rare occasion, Shirov-Karpov,
Amber-blind rapid Monte Carlo 1998.}) 22. Re5 Nd5 23. Bb5 Qd6 24. h5 Bf6 25.
Re4 Rc8 26. Rae1 {1/2:1/2 Nevednichy-Cosma, ROM-ch 1998}) (15... Re8 16. h5 Bd5
17. Bd2 Rd8 {If Black has time for changing his mind like that, his position
cannot be worse.} 18. Re2 Kg8 19. Qh3 Qc6 20. Re3 Bxf3 21. Rxf3 Nf6 22. Qh4 Be7
23. Rh3 cxd4 24. cxd4 Qd6 $11 {Topalov-Anand, Linares 1998}) 16. Bc2 b5 {
is the typical counterplay for Black securing >< d5.} 17. Qh3 (17. Bd2 a5 18.
h5 Bd5 19. Qh3 Rb8 20. b3 b4 21. bxc4 bxc3 22. Bxc3 Qxc4 23. Nd2 Qc7 $11 {
Anand-Karpov, Amber-rapid Monte Carlo 1998}) 17... Ke7 {The K is not so bad on
e7 in this variation.} 18. Nd2 Nf6 19. Ne4 Nxe4 20. Bxe4 Rhe8 21. Qf3 Rab8 22.
Bxb7 Qxb7 23. Re4 Kf8 24. Bf4 Bxf4 $11 {Gallagher-Sasikiran, BCF-ch Torquay
2002}) 14... c5 15. c3 Rc8 (15... Bf4 $2 16. Ne5 $1 {-T.Petrosian-Galkin,
Moscow 2004 CBM 100}) (15... c4 16. Be4 Bxe4 17. Rxe4 Qc6 (17... Nf6 18. Re1
Qb7 19. Ne5 Bxe5 20. Rxe5 (20. dxe5 {closes the position in favour of Black.}
Nd5 21. b3 Qc6 22. Qg4 Rc8 $13) 20... Kg8 21. Bd2 Kh7 22. Rae1 Rhd8 23. g4 $1 {
White has to react aggressively.} (23. Bg5 Rg8 24. Bxf6 gxf6 {corrupts the P
structure, but opens up the g <->.} 25. R5e4 (25. Rh5 Rg6) 25... Rg6 26. Rg4
Rxg4 27. Qxg4 Rg8 28. Qh3 Qd5 $11) (23. f4 Nd7 24. Rg5 (24. R5e2 Qd5 $13) 24...
Nf8 $1 (24... Nc5 $6 {leaves the K alone on the >>, and the punishment will
come quickly.} 25. f5 $1 exf5 26. Rxg7+ $1 {ruining the last defensive lines.}
Kxg7 27. Bxh6+ Kg6 28. Bf4 Rh8 (28... Kg7 29. Qh6+ Kg8 30. Be5 f6 31. Bxf6 Qh7
32. Qg5+ Kf8 33. Be7+ $18) 29. Qg3+ Kh7 30. Qh4+ Kg8 31. Qg5+ Kh7 32. Re3 $18)
25. f5 exf5 (25... f6 26. Rh5 $40) 26. Rxf5 (26. Rxg7+ $5 {looks very tempting,
but after} Kxg7 27. Qxh6+ Kg8 28. Bg5 {Black has a good defensive move:} Re8 $1
(28... Nh7 $2 {founders on} 29. Bf6 $1 Nxf6 30. Qg5+ $1 Kf8 31. Qxf6 Kg8 32.
Qg5+ Kf8 33. Qh6+ Kg8 34. Re3 $18) 29. Rxe8 Rxe8 30. Bf6 Re1+ 31. Kf2 Re2+ $3 {
This is the point!} 32. Kxe2 Qxg2+ $11) 26... Ng6 27. Ref1 Rd7 28. R5f2 Re8 29.
Qf5 $14 {Asrian-Danielian, Yerevan 2000}) 23... Rd5 (23... Nd7 24. Rh5 Qc6 25.
Bxh6 $1 $18) (23... Kg8 24. Bxh6 $1 gxh6 25. Qxh6 Nh7 26. Rh5 f6 27. Rxe6 $16 {
with already three pawns and a strong -> for the piece.}) 24. g5 Rxe5 25. Rxe5
Ng8 26. gxh6 gxh6 (26... Nxh6 27. Rh5 $16) 27. Rh5 Qe4 28. Bxh6 Qe1+ 29. Kg2
Qe4+ 30. Kf1 $16) 18. Re1 Re8 19. b3 Nf6 20. Nd2 b5 21. a4 cxb3 22. axb5 Qxb5
23. Ba3 Bxa3 24. Rxa3 g6 25. Rxb3 $14 {Asrian-Sasikiran, Yerevan 2000}) (15...
Ke7 16. Be4 Bxe4 17. Rxe4 Nf6 18. Re1 Rad8 (18... Rhd8 19. dxc5 $5 (19. Ne5 $6
{leads to unnecessary exchanges after} Bxe5 (19... cxd4 $5) 20. dxe5 Qxe5 21.
Bxh6 Qh5 22. Qxh5 Nxh5 23. Bg5+ Nf6 $11)) 19. dxc5 (19. Be3 c4) 19... bxc5 $5 {
Black wants already more than a comfortable equalization.} (19... Bxc5 {
was simple and good.} 20. Qh4 (20. Nh4 $143 Rd5 21. Nf5+ Kf8 $15) (20. Ne5 $143
$4 Qxe5 $1 $19) (20. b3 $143 Rd3 $15) (20. Be3 Bxe3 21. Rxe3 Rd5 22. Nd4 Rhd8
$11) 20... Rhe8 21. Bf4 Bd6 22. Bxd6+ Rxd6 {and Black has evened out
completely.}) 20. Nd2 {/\ Nc4} Bf4 {Black exchanges his strategically bad B
just in time.} (20... Rd7 21. Nc4) 21. Nc4 Bxc1 (21... Rd5 $5) 22. Raxc1 Qf4
23. b3 Rd5 24. Qg3 (24. Qe3 Qxe3 25. Nxe3 Rd3 $11) 24... Qxg3 25. hxg3 Rhd8 {
Now Black has active rooks on the only opened d <->, which gives him some
chances for an advantage, Asrian-Sargissian, Yerevan 2000 CBM 79.}) 16. Be4
Bxe4 17. Rxe4 Nf6 18. Re1 (18. Rh4 {The R is not that dangerous here.} c4 $13)
18... Kg8 {If Black can solve his problem of his K, he can bravely look into
the future.} 19. Bd2 (19. dxc5 Bxc5) 19... g5 {This weakening move is not easy
to exploit.} 20. c4 (20. Ne5 cxd4 21. cxd4 Qb7 22. Rac1 Rxc1 23. Rxc1 Kg7 24.
Qg3 Rc8 $11 {and in the _|_ the isolated P may cause a lot of headache for
White.}) 20... Be7 21. Ne5 cxd4 22. f4 {White pushes it too hard.} (22. Ng6
$142 $5 {was better, and after} fxg6 23. Qxe6+ Kf8 24. Bb4 $1 Bxb4 25. Qxf6+
Kg8 26. Qxg6+ Qg7 27. Qe6+ Kh7 28. Qf5+ $11 {and White has to give perpetual
checks.}) 22... Rh7 (22... Bd6 $5) 23. Re2 $6 (23. b3 $13) 23... Bd6 $1 24.
Rae1 $6 {Continuing the wrong plan.} (24. b3 Rd8 25. Rf1 $13) 24... Nd7 25.
Nxf7 $6 {White's -> is not enough for the sacrificed material.} (25. b3 Rd8 26.
Nxd7 Qxd7 $1 $15 (26... Rxd7 27. f5 $1 $36)) (25. Nxd7 Qxd7 $15) 25... Rxf7 $1
(25... Kxf7 26. Rxe6 Kg8 27. Rg6+ Kh8 28. Rxh6 Nf8 29. fxg5 Rxh6 30. Qxh6+ Kg8
$44) 26. Rxe6 Bf8 27. fxg5 (27. Rg6+ Bg7) 27... hxg5 28. Bxg5 (28. Rg6+ Bg7 29.
Bxg5 d3 $1 (29... Qxc4 {- 28.Bxg5}) (29... Qc5 {allows the perpetual after} 30.
Rxg7+ $1 Rxg7 (30... Kxg7 31. Qh6+ Kg8 32. Qg6+ Rg7 33. Qe6+ $11) 31. Qe6+ $11)
30. Qxd3 Ne5 $19 {and White's -> is repelled.}) 28... Qxc4 $2 ({missing} 28...
Rh7 $1 29. Bh4 (29. Bh6 Kh8 $19) (29. Rg6+ Kh8 $1 $19 (29... Rg7 $4 30. Rh6) (
29... Bg7 30. Re7)) 29... Qxc4 30. Qg4+ Rg7 $19) 29. Rg6+ Bg7 (29... Rg7 $4 30.
Rh6) 30. Bh6 {Now White's -> becomes more dangerous.} Ne5 31. Rxg7+ Rxg7 32.
Rxe5 d3 $5 (32... Rg6 33. Re7 $1 (33. Qf5 Qc6) 33... d3 34. Bd2 Qc5+ (34... Rg7
35. Re4) 35. Be3 Qxe7 36. Qxc8+ Kf7 37. Qf5+ Rf6 38. Qxd3 $11) 33. Qe3 $5 (33.
Bxg7 Qc1+ 34. Kf2 Qf4+ 35. Qf3 Rc2+ 36. Kf1 Rc1+ 37. Kf2 Rc2+ $11 {and it is
Black, who has to give perpetual checks.}) 33... Rg6 34. Bg5 Rgc6 (34... Rf8 {
- 34...Rgc6}) 35. Qg3 Rg6 36. Qe3 Rgc6 37. Qg3 Rg6 38. Qe3 {and draw by
threefold repetition.} (38. Qe3 Rgc6 $11 (38... Rf8 39. h4 Rf1+ 40. Kh2 Qc7 41.
Bf4 Qd7 42. Re8+ Kf7 43. Rh8 $44)) 1/2-1/2

[Event "Japfa Classic"]
[Site "Bali"]
[Date "2000.04.28"]
[Round "6"]
[White "Timman, Jan H"]
[Black "Karpov, Anatoly"]
[Result "1/2-1/2"]
[WhiteElo "2655"]
[BlackElo "2696"]
[Annotator "Lukacs,P"]
[PlyCount "124"]
[EventDate "2000.04.22"]
[EventType "tourn"]
[EventRounds "9"]
[EventCountry "INA"]
[EventCategory "16"]
[SourceTitle "CBM 077"]
[Source "ChessBase"]
[SourceDate "2000.07.27"]
[SourceVersion "1"]
[SourceVersionDate "2000.07.27"]
[SourceQuality "1"]

1. e4 c6 2. d4 d5 3. Nd2 dxe4 4. Nxe4 Nd7 5. Ng5 Ngf6 6. Bd3 e6 7. N1f3 Bd6 8.
Qe2 h6 9. Ne4 Nxe4 10. Qxe4 Qc7 11. Qg4 Kf8 12. O-O c5 13. Qh4 b6 14. Be4 Rb8 (
14... Bb7 {Topalov-Timman, Elista ol (Men) 1998 CBM 66 ext}) 15. b3 (15. Rd1 $5
c4 {Sadvakasov-Karpov, VAM Hoogoveen 1999 CBM 74} (15... Ba6 {The B has good
perspectives on this /^.} 16. c3 Nf6 17. dxc5 (17. Bc2 Be2) 17... bxc5 18. Bd3
Bb7 {Now the light-squared B has found his real /^.} 19. Nd2 g5 20. Qh3 Kg7 21.
Nc4 Bf4 22. Bxf4 Qxf4 23. Qe3 Rhd8 $11 {Ramesh-Sahikiran, IND-ch Nagpur 1999}))
15... Nf6 $6 (15... c4 $6 16. bxc4 Ba6 17. Nd2 g5 18. Qh3 Kg7 19. Bb2 $14 {
with threats on the long /^.}) (15... cxd4 $142 $5 {appears to be the best
here.} 16. Nxd4 Be7 17. Qg3 (17. Qh5 Nf6 {with double ->.}) (17. Qh3 Nc5 18.
Bf3 e5 19. Qg3 Bd7 $11) 17... Qxg3 (17... Bd6 18. f4 $5 (18. Qh4 Be7 $11 {
is only repetition of moves.}) 18... Nf6 (18... Nc5 $5 19. Bf3 Ba6 20. c4 g5
$13) 19. Bd3 a6 {against Nb5} (19... Qc3 $143 20. Be3) 20. Bb2 Bb7 $13 {
and Black's ^^ is also rather active.}) 18. hxg3 Bb7 19. Nc6 $1 Bxc6 (19... Ra8
{is very passive.} 20. Bf3 Bf6 21. Ba3+ Nc5 22. Rad1 $14) 20. Bxc6 Ne5 $1 (
20... Nf6 21. c4 {^^}) 21. Bb5 {Now the B is not so active on this /^.} (21.
Be4 f5 22. Bb2 Bf6 $11) 21... Rc8 22. Re1 (22. Bb2 Bf6 23. Ba3+ Kg8 24. Rac1
Kh7) 22... Bf6 23. Ba3+ Kg8 24. Rac1 Kh7 {with only slightly better chances
for White because of his ^^.}) 16. dxc5 $1 ({If} 16. Bd3 {then Black occupies
the long /^ after} Bb7) 16... bxc5 (16... Nxe4 $6 17. cxd6 Nxd6 18. Ba3 $14) (
16... Qxc5 $6 17. Bb2 Be7 18. Rad1 $14) (16... Bxc5 17. Bb2 (17. Bf4 Bd6 18.
Bxd6+ Qxd6 19. c4 Nxe4 20. Qxe4 Bb7) 17... Nxe4 18. Qxe4 Bb7 19. Qg4 (19. Qe5
Qxe5 20. Nxe5 Rd8 21. Rfd1 Ke7 $11) 19... f5 20. Qh5 Bxf3 21. Qxf3 $14) 17. Bb2
{The B is very strong on the long /^.} (17. Bd3 Bb7) 17... Nxe4 18. Qxe4 Bb7
19. Qg4 (19. Qe3 $2 Bxf3 20. Qxf3 Bxh2+ 21. Kh1 Be5 {winning the P.}) 19... f5
{Black cannot avoid this weakening move.} 20. Qh5 $14 Bxf3 $6 {giving up the
^^ doesn't seem good here.} (20... Qf7 21. Qxf7+ Kxf7 22. Rad1 Rhd8 23. Ne5+ $1
(23. Be5 Bxf3 24. Rxd6 Be4 $11) 23... Bxe5 24. Bxe5 Rbc8 25. c4 $14 {and
despite of the ^- White has somewhat better chances in the _|_.}) 21. Qxf3 (21.
gxf3 {is certainly not logical.} Qf7 22. Qxf7+ (22. Qh4 $6 Qg6+ 23. Kh1 Qg5)
22... Kxf7 23. Rad1 Rhd8 $11) 21... Kf7 (21... Bxh2+ $6 {hunting for pawns
allows White to penetrate with his R on the seventh rank.} 22. Kh1 Be5 (22...
Bf4 23. Rfe1 Kf7 24. Qh5+ g6 25. Qh4 e5 (25... Bg5 26. Qc4 $16) 26. g3 Bg5 27.
Qc4+ $16) 23. Bxe5 Qxe5 24. Rfe1 Qf6 (24... Qd5 25. Qxd5 exd5 26. Re5 {and
there are many pawns hanging on the fifth rank.}) 25. Rad1 Kg8 26. Rd7 $44) 22.
Qh5+ $1 (22. h3 Rhe8 23. Rad1 Kg8 24. Rfe1 Rbd8 (24... c4 25. Rd4) 25. c4 $14)
22... g6 (22... Kg8 23. Rad1 Kh7 24. Rfe1 Rhd8 25. h3) 23. Qh4 Be7 (23... e5
24. f4 $1) (23... Be5 24. Bxe5 Qxe5 25. Rad1 Rb7 26. Rd2 Kg7 27. Rfd1 $16 {
occupying the opened d <->.}) 24. Qh3 Bf6 25. Bxf6 Kxf6 26. Rae1 $16 {Black's
K is not so safe, and his pawns are also vulnerable.} (26. f4 Rbd8) 26... e5
27. Qc3 Rhe8 28. f4 Rb4 29. g4 $1 {White wants to open lines against the black
K.} (29. fxe5+ Rxe5 30. Rxe5 Qxe5 31. Qxe5+ Kxe5 32. c4 a5 $11) (29. Re2 Rd4
30. fxe5+ Rxe5 $11) 29... Rd4 30. Qh3 Qg7 (30... e4 31. gxf5 $40) 31. fxe5+
Rxe5 32. Rxe5 Kxe5 33. Qg3+ f4 (33... Kf6 $2 34. gxf5 $18) 34. Qe1+ Kd6 35. c3
Rd3 36. Qe4 Qxc3 37. Qxg6+ Kc7 38. Qf7+ Kb6 39. Qxf4 Ka5 {The black K has
arrived to the <<, but this is not a relief yet.} (39... Qd4+ 40. Qxd4 Rxd4 (
40... cxd4 41. Rf6+ Kc5 42. Rxh6 Kd5 43. Ra6 $18) 41. Rf6+ Kb5 42. Rxh6 $18)
40. Qc7+ {chasing the K into safety.} ({missing} 40. Qa4+ $1 Kb6 41. Qe4 Rd6
42. Kh1 $18) 40... Kb4 41. Qb7+ Ka3 42. Qxa7+ Kb2 {The black K had a wonderful
journey in this game!} 43. Rf2+ (43. Qf7 $5) 43... Rd2 44. Rxd2+ Qxd2 45. Qxc5
Qd1+ 46. Kf2 Qxg4 47. Qd5 (47. Qe5+ Kxa2 48. Qe2+ Qxe2+ 49. Kxe2 Kxb3 50. Kf3
Kc4 51. Kg4 Kd5 52. Kh5 Ke6 53. Kxh6 Kf6 $11) 47... Qh4+ 48. Ke3 Kxa2 {Now the
Q _|_ looks drawish.} 49. b4+ Ka3 50. b5 Qxh2 51. Qc6 Kb4 52. b6 Ka5 53. b7 h5
54. Qc8 Qe5+ 55. Kd3 Qd5+ 56. Ke3 Qe5+ 57. Kf3 Qd5+ 58. Kf4 Qd2+ 59. Kf5 Qf2+
60. Kg6 Qg3+ 61. Kf6 Qh4+ 62. Kf7 Qf4+ 1/2-1/2

[Event "RUS-chT 11th"]
[Site "Sochi"]
[Date "2004.04.23"]
[Round "4.5"]
[White "Motylev, Alexander"]
[Black "Galkin, Alexander"]
[Result "1/2-1/2"]
[WhiteElo "2649"]
[BlackElo "2602"]
[Annotator "Lukacs,P"]
[PlyCount "53"]
[EventDate "2004.04.20"]
[EventType "team-tourn"]
[EventRounds "9"]
[EventCountry "RUS"]
[SourceTitle "EXT 2020"]
[Source "ChessBase"]
[SourceDate "2019.10.17"]
[SourceVersion "1"]
[SourceVersionDate "2019.10.17"]
[SourceQuality "1"]
[WhiteTeam "Ekaterinburg Max Ven"]
[BlackTeam "Norilsk Norilsky Nikel"]
[WhiteTeamCountry "RUS"]
[BlackTeamCountry "RUS"]

1. e4 c6 2. d4 d5 3. Nc3 dxe4 4. Nxe4 Nd7 5. Ng5 Ngf6 6. Bd3 e6 7. N1f3 Bd6 8.
Qe2 h6 9. Ne4 Nxe4 10. Qxe4 Qc7 11. O-O b6 12. Qg4 Kf8 13. Bd2 Bb7 14. Rfe1 Nf6
(14... c5 $6 {opens up the position too early.} 15. dxc5 Nxc5 16. Bc3 f6 17.
Nh4 $36 {Khalifman}) 15. Qh3 $143 {The Q is not particularly well-placed here.}
(15. Qh4 {is the main line.} c5 16. Ne5 {Here we see the difference to the
text, the d4 P is proteceted.} cxd4 (16... Rd8 17. Rad1 a5 (17... cxd4 18. Qxd4
Bxe5 19. Qxe5 Qxe5 20. Rxe5 $14 {^^}) 18. Bc3 Bxe5 19. dxe5 {The change of the
P structure is clearly favouring White.} Nd5 20. Bd2 Qe7 21. Qh3 Nb4 22. Bxb4
axb4 23. Bf1 $14 {Yandemirov-Vyzmanavin, RUS-Cup9 Novgorod 1997}) 17. Qxd4 Rd8
18. Bb4 Bxb4 (18... Ke7 19. Rad1 Bxb4 20. Qxb4+ Qc5 {- Yandemirov-Kharitonov,
RUS-Cup2 Moscow 1996 CBM 56 ext}) 19. Qxb4+ Kg8 (19... Qd6 20. Qa4 a5 21. Rad1
$16) 20. Qf4 Nd5 21. Qg4 Qe7 22. a3 h5 23. Qa4 a6 24. Rad1 b5 25. Qa5 $14 {
and the black K still poses some problems, Shankar-Sasikiran, Goodricke 10th
op 1999.}) 15... Rd8 (15... c5 $5 {Here looks better than in case of 15.Qh4.}
16. Bc3 (16. Bg5 c4 $13) 16... c4 {creating a stronghold on d5 which can be
used by various pieces.} 17. Bf1 b5 18. Ne5 Kg8 $13) 16. Ne5 (16. Bg5 c5 17.
dxc5 Qxc5 18. Bxf6 gxf6 $13 {ruins Black's P structure, but gives up the
important ^^.}) 16... c5 17. c3 (17. Bc3 Nd5 18. dxc5 Bxc5 (18... bxc5 $6 19.
Bc4 $14 {and the P structure is at least better for White.}) 19. Qg3 Kg8 (19...
Nxc3 $4 {loses the Q after} 20. Ng6+) 20. Bd2 Bd4 21. c3 Bxe5 22. Rxe5 Nb4 $1 {
Black wants to deprive White from his ^^.} 23. cxb4 Rxd3 24. Qxd3 Qxe5 {^-} 25.
Bc3 Qg5 26. f3 h5 27. Rd1 Bd5 $11) 17... Kg8 18. Rad1 (18. Bf4 {is again met
by the typical blockading method} c4 $5 19. Bc2 b5 $13) 18... Bd5 (18... a6 19.
f4 b5 20. dxc5 Bxc5+ 21. Kh1 g6 $5) 19. c4 (19. b3 cxd4 20. cxd4 Qb7 $13 {
with a typical isolated P structure, where Black's only defect is his bad K.})
19... Bb7 20. Re2 (20. Bf4 $5 {deserved serious attention.} cxd4 21. Bb1 Bb4 (
21... Bxe5 22. Bxe5 Qxc4 23. Qg3 $44 {and White's ^^ is dangerous.}) 22. Re2
Bd6 23. Bg3 (23. Rxd4 Bxe5 24. Bxe5 Rxd4 25. Bxd4 Qxc4 $13) 23... a6 24. Rxd4
Bxe5 25. Bxe5 Rxd4 26. Bxd4 Qxc4 27. Qe3 Ng4 28. Qd2 Qc7 (28... Qd5 29. f3) 29.
f4 $14 {and despite of the sacrificed P White's ^^ yields him a good play.})
20... cxd4 $13 21. Rde1 Bc8 22. Qh4 Be7 23. Qg3 Bd6 24. Qh4 Be7 25. Qg3 Bd6 26.
f4 {White wants to avoid the threefold repetition} g6 27. Qh4 {but soon
accepts the inevitable...} 1/2-1/2